000 00330nam a22001337a 4500
008 170803b xxu||||| |||| 00| 0 eng d
020 _a9780071492751
041 _aeng
080 _a004
100 _a32
101 _aSHKI
245 _aORACLE ENTERPRISE MANAGER 10G GRID CONTROL IMPLEMENTATION GUIDE
_cNEW, M
942 _2udc
_cBK
999 _c22652
_d22652